Random flags quiz 3 - Statistics

General Stats
  • This quiz has been taken 21 times
  • The average score is 15 of 16
Answer Stats
Picture Answer % Correct
Austria
100%
Zambia
100%
Angola
94%
Argentina
94%
Bulgaria
94%
Chad
94%
Egypt
94%
Ireland
94%
Poland
94%
United States of America
94%
Zimbabwe
94%
Armenia
89%
Chile
89%
Nicaragua
89%
Syria
89%
Saint Kitts and Nevis
83%
No matching quizzes found
Score Distribution
Percent of People with Each Score
Percentile by Number Answered
Your Score History
You have not taken this quiz